[Event "Vilnius op-A"]
[Site "Vilnius"]
[Date "2025.07.07"]
[Round "1"]
[White "Held, Momme Fredrik"]
[Black "Valciukas, Lukas"]
[Result "1-0"]
[WhiteElo "2006"]
[BlackElo "1578"]
[PlyCount "71"]
[EventDate "2025.07.07"]
[EventType "swiss"]
[EventRounds "9"]
[EventCountry "LTU"]
[SourceTitle "CB29_2025"]
[SourceDate "2025.07.16"]
[SourceVersion "1"]
[SourceVersionDate "2025.07.16"]
[SourceQuality "1"]

1. c4 c6 2. g3 d5 3. Nf3 Nf6 4. Bg2 g6 5. b3 Bg7 6. Bb2 0-0 7. 0-0 Bg4 8. d3 Bxf3 9. Bxf3 d4 10. Na3 e5 11. Nc2 Nfd7 12. e3 Nc5 13. exd4 exd4 14. Ba3 Nbd7 15. b4 Ne6 16. b5 c5 17. Bxb7 Rb8 18. Bg2 Re8 19. Bc1 Ne5 20. Bb2 a6 21. a4 h5 22. a5 axb5 23. a6 Nc7 24. a7 Ra8 25. f4 Ng4 26. Bxa8 Qxa8 27. Qf3 bxc4 28. dxc4 Qd8 29. Rfe1 Rf8 30. h3 Nf6 31. Ra5 Nd7 32. Ba3 Na8 33. Rb5 Qc7 34. Rb7 Qc8 35. Reb1 Nc7 36. Rxc7 1-0

[Event "Plunge op-B 43rd"]
[Site "Plateliai"]
[Date "2024.07.19"]
[Round "7"]
[White "Valciukas, Lukas"]
[Black "Puzas, Kasparas"]
[Result "1/2-1/2"]
[WhiteElo "1519"]
[BlackElo "1449"]
[PlyCount "67"]
[EventDate "2024.07.15"]
[EventType "swiss"]
[EventRounds "9"]
[EventCountry "LTU"]
[SourceTitle "CBM 221 Extra"]
[Source "ChessBase"]
[SourceDate "2024.09.30"]
[SourceVersion "1"]
[SourceVersionDate "2024.09.30"]
[SourceQuality "1"]

1. c4 e6 2. Nc3 d5 3. d4 c6 4. e3 Nf6 5. Nf3 Nbd7 6. Bd3 dxc4 7. Bxc4 Be7 8. 0-0 0-0 9. a3 b5 10. Be2 a5 11. b3 Bb7 12. Bb2 Qb6 13. Rc1 Rfb8 14. h3 c5 15. dxc5 Nxc5 16. Nxb5 Bxf3 17. Bxf3 Qxb5 18. Bxa8 Rxa8 19. Qf3 Rb8 20. Be5 Nxb3 21. Bxb8 Nxc1 22. Bc7 Nb3 23. Rb1 a4 24. Qa8+ Qe8 25. Qa7 Bxa3 26. Rxb3 axb3 27. Qxa3 Nd5 28. Bd6 Qd8 29. e4 Nb6 30. e5 Nc4 31. Qxb3 Nxd6 32. exd6 Qxd6 33. Qa4 Kf8 34. Qa8+ 1/2-1/2

[Event "Plunge op-B 43rd"]
[Site "Plateliai"]
[Date "2024.07.16"]
[Round "2"]
[White "Valciukas, Lukas"]
[Black "Kapickis, Karolis"]
[Result "1-0"]
[WhiteElo "1519"]
[BlackElo "1420"]
[PlyCount "67"]
[EventDate "2024.07.15"]
[EventType "swiss"]
[EventRounds "9"]
[EventCountry "LTU"]
[SourceTitle "CBM 221 Extra"]
[Source "ChessBase"]
[SourceDate "2024.09.30"]
[SourceVersion "1"]
[SourceVersionDate "2024.09.30"]
[SourceQuality "1"]

1. c4 c5 2. Nc3 Nc6 3. Nf3 Nf6 4. g3 g6 5. Bg2 Bg7 6. 0-0 0-0 7. d4 d6 8. dxc5 dxc5 9. Be3 b6 10. Nd2 Bb7 11. Qa4 Qc7 12. Bf4 e5 13. Bg5 Nd4 14. Bxf6 Bxf6 15. e3 Bxg2 16. Kxg2 Qb7+ 17. Nd5 Nf5 18. e4 Bg5 19. Nf3 Nd4 20. Nxg5 f5 21. exf5 b5 22. Qa5 Rxf5 23. Ne4 bxc4 24. Qxc5 Ne6 25. Qxc4 Rd8 26. Ne3 Rf7 27. Kg1 Nd4 28. Ng5 Nf3+ 29. Nxf3 Qxf3 30. Ng4 Qd5 31. Qxd5 Rxd5 32. Nh6+ Kg7 33. Nxf7 Kxf7 34. Rfd1 1-0

[Event "Plunge op-A 42nd"]
[Site "Plateliai"]
[Date "2023.07.18"]
[Round "2"]
[White "Griksaite, Egle"]
[Black "Valciukas, Lukas"]
[Result "1-0"]
[WhiteElo "1386"]
[BlackElo "1186"]
[PlyCount "103"]
[EventDate "2023.07.17"]
[EventType "swiss"]
[EventRounds "9"]
[EventCountry "LTU"]
[SourceTitle "CBM 215 Extra"]
[Source "ChessBase"]
[SourceDate "2023.09.30"]
[SourceVersion "1"]
[SourceVersionDate "2023.09.30"]
[SourceQuality "1"]

1. d4 d5 2. c3 c6 3. Bf4 Nf6 4. Nf3 e6 5. Nbd2 c5 6. e3 Nc6 7. Bd3 c4 8. Bc2 b5 9. a3 Bd6 10. Bg5 h6 11. Bh4 g5 12. Bg3 a5 13. e4 dxe4 14. Nxe4 Nxe4 15. Bxe4 Ra6 16. Qe2 f5 17. Bxf5 Be7 18. Bg6+ Kf8 19. Rd1 Bf6 20. Be5 Rg8 21. Bh5 g4 22. Bxf6 Qxf6 23. Ne5 Nxe5 24. Qxe5 Qg5 25. h3 gxh3 26. Rxh3 Ke7 27. Bf3 Bd7 28. Rh5 Qg6 29. Qf4 Rh8 30. Qh4+ Qf6 31. Ke2 Qxh4 32. Rxh4 b4 33. Rdh1 bxa3 34. bxa3 e5 35. Re4 Bf5 36. Rxe5+ Kf6 37. Rh5 Bd3+ 38. Kd2 Rb6 39. Rb5 Ra6 40. Rxa5 Rxa5 41. Rxa5 Rb8 42. Ra6+ Kf5 43. Ke3 Re8+ 44. Kd2 Rb8 45. g3 Rb2+ 46. Ke3 Rb8 47. Ra5+ Kf6 48. Be4 Bf1 49. Ra6+ Kg5 50. Rg6+ Kh5 51. Rg7 Rb6 52. Bf3# 1-0

[Event "LTU-ch sf"]
[Site "Vilnius"]
[Date "2023.04.14"]
[Round "6"]
[White "Valciukas, Lukas"]
[Black "Barsciauskas, Gintautas"]
[Result "0-1"]
[WhiteElo "1017"]
[BlackElo "1383"]
[PlyCount "44"]
[EventDate "2023.04.11"]
[EventType "swiss"]
[EventRounds "9"]
[EventCountry "LTU"]
[SourceTitle "CBM 213 Extra"]
[Source "ChessBase"]
[SourceDate "2023.05.31"]
[SourceVersion "1"]
[SourceVersionDate "2023.05.31"]
[SourceQuality "1"]

1. c4 Nf6 2. d4 d6 3. Nf3 Nbd7 4. Nc3 e5 5. dxe5 dxe5 6. Bg5 Be7 7. Bxf6 Bxf6 8. g3 c6 9. b4 0-0 10. c5 e4 11. Nxe4 Bxa1 12. Qxa1 Nf6 13. Nfd2 a5 14. a4 axb4 15. Bg2 Nxe4 16. Nxe4 Qa5 17. 0-0 Qxa4 18. Qb1 b3 19. Nc3 Qc4 20. Qb2 Be6 21. Rc1 Qxc5 22. Qb1 Qa3 0-1

[Event "LTU-ch sf"]
[Site "Vilnius"]
[Date "2023.04.13"]
[Round "4"]
[White "Achremovas, Igoris"]
[Black "Valciukas, Lukas"]
[Result "1-0"]
[WhiteElo "1421"]
[BlackElo "1017"]
[PlyCount "65"]
[EventDate "2023.04.11"]
[EventType "swiss"]
[EventRounds "9"]
[EventCountry "LTU"]
[SourceTitle "CBM 213 Extra"]
[Source "ChessBase"]
[SourceDate "2023.05.31"]
[SourceVersion "1"]
[SourceVersionDate "2023.05.31"]
[SourceQuality "1"]

1. e4 c6 2. d4 d5 3. exd5 cxd5 4. Bd3 Nc6 5. c3 Nf6 6. Bf4 e6 7. Nf3 Bd6 8. Bxd6 Qxd6 9. 0-0 0-0 10. Nbd2 a6 11. Re1 Nd7 12. Qe2 b5 13. Ne5 Ndxe5 14. dxe5 Qc7 15. Nf3 Qb6 16. h4 g6 17. h5 d4 18. Rac1 Bb7 19. Be4 dxc3 20. Rxc3 Ne7 21. Rec1 Rac8 22. hxg6 hxg6 23. Ng5 Bxe4 24. Rxc8 Rxc8 25. Rxc8+ Nxc8 26. Qxe4 Ne7 27. Qh4 Kf8 28. Qh8+ Ng8 29. Nh7+ Ke7 30. Qxg8 Qd4 31. Qf8+ Kd7 32. Qxf7+ Kd8 33. Qf8+ 1-0

[Event "LTU-ch sf"]
[Site "Vilnius"]
[Date "2023.04.12"]
[Round "3"]
[White "Valciukas, Lukas"]
[Black "Kusner, Michail"]
[Result "0-1"]
[WhiteElo "1017"]
[BlackElo "1689"]
[PlyCount "40"]
[EventDate "2023.04.11"]
[EventType "swiss"]
[EventRounds "9"]
[EventCountry "LTU"]
[SourceTitle "CBM 213 Extra"]
[Source "ChessBase"]
[SourceDate "2023.05.31"]
[SourceVersion "1"]
[SourceVersionDate "2023.05.31"]
[SourceQuality "1"]

1. c4 e6 2. Nc3 b6 3. d4 Bb7 4. d5 Bb4 5. Bd2 Nf6 6. a3 Bxc3 7. Bxc3 exd5 8. cxd5 Nxd5 9. Bxg7 Rg8 10. Qd4 Qe7 11. Qe5 d6 12. Qxe7+ Nxe7 13. Bh6 Rxg2 14. Bxg2 Bxg2 15. f3 Bxh1 16. Rc1 Nbc6 17. Bg5 Kd7 18. Kf2 Rg8 19. Bf4 Rg2+ 20. Kf1 Nd5 0-1